000 00344nam a2200133Ia 4500
008 240624s9999 xx 000 0 und d
041 _aeng
082 _a658.4092 NOR
100 _aNORTHOUSE PETER G
245 _aLEADERSHIP THEORY AND PRACTICE
260 _c2015
_aNew Delhi
_bSage
300 _axviii, : 485 : p. : cm. ; 24
365 _cRS
_b38
999 _c27397
_d27397